000 00420nam a2200181Ia 4500
001 23069
005 20260414150913.0
008 260414t2019||||xx |||||||||||||| ||spa||
041 _aESP
082 _a624.1834
_bA39
100 _aAlexander, Mark,
_eAUT
245 0 _aAggregates in concrete
_b
260 _c2019
300 _a435 páginas :
_c24 cm.
650 _a0
654 _aCIC
942 _cLIB
_dJUS
_fJUS
_2ddc
_n
999 _c23069
_d23069